00342nam a2200121Ia 4500008004100000041000800041082001300049100001600062245009100078260001900169365001600188700001600204230718s9999 xx 000 0 und d aeng a658bCAN aCanfield J. aChicken Soup For The Indian Soulb101 Stories To Open The Heart And Rekindle The Sprit bWestland Books cRs.b275.00 aCanfield J.